| 000 | 00625nam a22002057a 4500 | ||
|---|---|---|---|
| 999 |
_c5355 _d5355 |
||
| 003 | AR-CdUCM | ||
| 008 | 190312b ||||| |||| 00| 0 spa d | ||
| 040 |
_aMUNICIPALIDAD PROVINCIAL DEL CUSCO _cBIBLIOTECA MUNICIPAL DEL CUSCO |
||
| 082 |
_a985.04 / _bAG32 |
||
| 100 |
_aAguilar Paez, Rafael _910223 |
||
| 245 | _aEl libertador Simon Bolivar / | ||
| 260 |
_aLima : _bSenado , _c1955. |
||
| 300 |
_a52 páginas ; _c21 cm. |
||
| 500 | _zSimon Bolivar... | ||
| 650 |
_aSimon Bolivar _91694 |
||
| 650 |
_aHistoria de la Independencia _916161 |
||
| 650 |
_aEmnancipacion Americana _916162 |
||
| 942 |
_2ddc _cLIBROS |
||
| 945 | _artm | ||